<?xml version="1.0" encoding="UTF-8"?>
<record
    xmlns:xsi="http://www.w3.org/2001/XMLSchema-instance"
    xsi:schemaLocation="http://www.loc.gov/MARC21/slim http://www.loc.gov/standards/marcxml/schema/MARC21slim.xsd"
    xmlns="http://www.loc.gov/MARC21/slim">

  <leader>00784nas a2200241 454500</leader>
  <controlfield tag="001">5267</controlfield>
  <controlfield tag="005">20260407193504.0</controlfield>
  <controlfield tag="008">260407s1978####ag###########|||spa#d</controlfield>
  <controlfield tag="003">AR-UNSa-BCEJYS</controlfield>
  <datafield tag="040" ind1=" " ind2=" ">
    <subfield code="a">AR-UNSa-BCEJYS</subfield>
    <subfield code="b">spa</subfield>
    <subfield code="c">AR-UNSa-BCEJYS</subfield>
  </datafield>
  <datafield tag="080" ind1=" " ind2=" ">
    <subfield code="a">664.1</subfield>
    <subfield code="x">Az&#xFA;car. Melaza. Glucosa, Etc. (Industria)</subfield>
  </datafield>
  <datafield tag="245" ind1="1" ind2="0">
    <subfield code="a">La industria azucarera</subfield>
  </datafield>
  <datafield tag="022" ind1=" " ind2=" ">
    <subfield code="a">0325-0326</subfield>
  </datafield>
  <datafield tag="264" ind1=" " ind2="1">
    <subfield code="a">Buenos Aires :</subfield>
    <subfield code="b">Centro Azucarero Argentino</subfield>
    <subfield code="c">1978</subfield>
  </datafield>
  <datafield tag="310" ind1=" " ind2=" ">
    <subfield code="a">Frecuencia: Mensual</subfield>
  </datafield>
  <datafield tag="942" ind1=" " ind2=" ">
    <subfield code="c">SER</subfield>
  </datafield>
  <datafield tag="590" ind1=" " ind2=" ">
    <subfield code="a">niveau_biblio:s niveau_hierar:1</subfield>
  </datafield>
  <datafield tag="100" ind1="1" ind2=" ">
    <subfield code="a">Bincaz, Horacio J.</subfield>
  </datafield>
  <datafield tag="650" ind1=" " ind2=" ">
    <subfield code="a">Industria alimentaria</subfield>
  </datafield>
  <datafield tag="650" ind1=" " ind2=" ">
    <subfield code="a">Az&#xFA;car</subfield>
  </datafield>
  <datafield tag="650" ind1=" " ind2=" ">
    <subfield code="a">INDUSTRIA AZUCARERA</subfield>
  </datafield>
  <datafield tag="856" ind1="4" ind2="1">
    <subfield code="u">https://biblioeco.unsa.edu.ar/pmb/images/revistas/La Industria Azucarera.jpg</subfield>
    <subfield code="y">Imagen de portada</subfield>
    <subfield code="q">image/jpeg</subfield>
  </datafield>
  <datafield tag="999" ind1=" " ind2=" ">
    <subfield code="c">8421</subfield>
    <subfield code="d">8421</subfield>
  </datafield>
  <datafield tag="952" ind1=" " ind2=" ">
    <subfield code="0">0</subfield>
    <subfield code="1">0</subfield>
    <subfield code="4">0</subfield>
    <subfield code="7">0</subfield>
    <subfield code="a">BCEJYS</subfield>
    <subfield code="b">BCEJYS</subfield>
    <subfield code="c">17</subfield>
    <subfield code="d">1989-05-01</subfield>
    <subfield code="h">A&#xF1;o 94, N&#xBA; 1051 - mayo/jun. 1989</subfield>
    <subfield code="l">0</subfield>
    <subfield code="o">H664.1 IND 1051</subfield>
    <subfield code="p">R04324</subfield>
    <subfield code="r">2026-04-10 16:06:54</subfield>
    <subfield code="w">2026-04-10</subfield>
    <subfield code="y">RN</subfield>
  </datafield>
  <datafield tag="952" ind1=" " ind2=" ">
    <subfield code="0">0</subfield>
    <subfield code="1">0</subfield>
    <subfield code="4">0</subfield>
    <subfield code="7">0</subfield>
    <subfield code="a">BCEJYS</subfield>
    <subfield code="b">BCEJYS</subfield>
    <subfield code="c">17</subfield>
    <subfield code="d">1989-03-01</subfield>
    <subfield code="h">A&#xF1;o 94, N&#xBA; 1050 - mar./abr. 1989</subfield>
    <subfield code="l">0</subfield>
    <subfield code="o">H664.1 IND 1050</subfield>
    <subfield code="p">R04323</subfield>
    <subfield code="r">2026-04-10 16:06:54</subfield>
    <subfield code="w">2026-04-10</subfield>
    <subfield code="y">RN</subfield>
  </datafield>
  <datafield tag="952" ind1=" " ind2=" ">
    <subfield code="0">0</subfield>
    <subfield code="1">0</subfield>
    <subfield code="4">0</subfield>
    <subfield code="7">0</subfield>
    <subfield code="a">BCEJYS</subfield>
    <subfield code="b">BCEJYS</subfield>
    <subfield code="c">17</subfield>
    <subfield code="d">1989-01-01</subfield>
    <subfield code="h">A&#xF1;o 94, N&#xBA; 1049 - ene./feb. 1989</subfield>
    <subfield code="l">0</subfield>
    <subfield code="o">H664.1 IND 1049</subfield>
    <subfield code="p">R04322</subfield>
    <subfield code="r">2026-04-10 16:06:54</subfield>
    <subfield code="w">2026-04-10</subfield>
    <subfield code="y">RN</subfield>
  </datafield>
  <datafield tag="952" ind1=" " ind2=" ">
    <subfield code="0">0</subfield>
    <subfield code="1">0</subfield>
    <subfield code="4">0</subfield>
    <subfield code="7">0</subfield>
    <subfield code="a">BCEJYS</subfield>
    <subfield code="b">BCEJYS</subfield>
    <subfield code="c">17</subfield>
    <subfield code="d">1988-11-01</subfield>
    <subfield code="h">A&#xF1;o 94, N&#xBA; 1048 - nov./dic. 1988</subfield>
    <subfield code="l">0</subfield>
    <subfield code="o">H664.1 IND 1048</subfield>
    <subfield code="p">R04321</subfield>
    <subfield code="r">2026-04-10 16:06:54</subfield>
    <subfield code="w">2026-04-10</subfield>
    <subfield code="y">RN</subfield>
  </datafield>
  <datafield tag="952" ind1=" " ind2=" ">
    <subfield code="0">0</subfield>
    <subfield code="1">0</subfield>
    <subfield code="4">0</subfield>
    <subfield code="7">0</subfield>
    <subfield code="a">BCEJYS</subfield>
    <subfield code="b">BCEJYS</subfield>
    <subfield code="c">17</subfield>
    <subfield code="d">1988-09-01</subfield>
    <subfield code="h">A&#xF1;o 94, N&#xBA; 1047 - sep./oct. 1988</subfield>
    <subfield code="l">0</subfield>
    <subfield code="o">H664.1 IND 1047</subfield>
    <subfield code="p">R04320</subfield>
    <subfield code="r">2026-04-10 16:06:54</subfield>
    <subfield code="w">2026-04-10</subfield>
    <subfield code="y">RN</subfield>
  </datafield>
  <datafield tag="952" ind1=" " ind2=" ">
    <subfield code="0">0</subfield>
    <subfield code="1">0</subfield>
    <subfield code="4">0</subfield>
    <subfield code="7">0</subfield>
    <subfield code="a">BCEJYS</subfield>
    <subfield code="b">BCEJYS</subfield>
    <subfield code="c">17</subfield>
    <subfield code="d">1988-07-01</subfield>
    <subfield code="h">A&#xF1;o 94, N&#xBA; 1046 - jul./ago. 1988</subfield>
    <subfield code="l">0</subfield>
    <subfield code="o">H664.1 IND 1046</subfield>
    <subfield code="p">R04319</subfield>
    <subfield code="r">2026-04-10 16:06:54</subfield>
    <subfield code="w">2026-04-10</subfield>
    <subfield code="y">RN</subfield>
  </datafield>
  <datafield tag="952" ind1=" " ind2=" ">
    <subfield code="0">0</subfield>
    <subfield code="1">0</subfield>
    <subfield code="4">0</subfield>
    <subfield code="7">0</subfield>
    <subfield code="a">BCEJYS</subfield>
    <subfield code="b">BCEJYS</subfield>
    <subfield code="c">17</subfield>
    <subfield code="d">1988-05-01</subfield>
    <subfield code="h">A&#xF1;o 94, N&#xBA; 1045 - mayo/jun. 1988</subfield>
    <subfield code="l">0</subfield>
    <subfield code="o">H664.1 IND 1045</subfield>
    <subfield code="p">R04318</subfield>
    <subfield code="r">2026-04-10 16:06:54</subfield>
    <subfield code="w">2026-04-10</subfield>
    <subfield code="y">RN</subfield>
  </datafield>
  <datafield tag="952" ind1=" " ind2=" ">
    <subfield code="0">0</subfield>
    <subfield code="1">0</subfield>
    <subfield code="4">0</subfield>
    <subfield code="7">0</subfield>
    <subfield code="a">BCEJYS</subfield>
    <subfield code="b">BCEJYS</subfield>
    <subfield code="c">17</subfield>
    <subfield code="d">1988-03-01</subfield>
    <subfield code="h">A&#xF1;o 93, N&#xBA; 1044 - mar./abr. 1988</subfield>
    <subfield code="l">0</subfield>
    <subfield code="o">H664.1 IND 1044</subfield>
    <subfield code="p">R04317</subfield>
    <subfield code="r">2026-04-10 16:06:54</subfield>
    <subfield code="w">2026-04-10</subfield>
    <subfield code="y">RN</subfield>
  </datafield>
  <datafield tag="952" ind1=" " ind2=" ">
    <subfield code="0">0</subfield>
    <subfield code="1">0</subfield>
    <subfield code="4">0</subfield>
    <subfield code="7">0</subfield>
    <subfield code="a">BCEJYS</subfield>
    <subfield code="b">BCEJYS</subfield>
    <subfield code="c">17</subfield>
    <subfield code="d">1988-01-01</subfield>
    <subfield code="h">A&#xF1;o 93, N&#xBA; 1043 - ene./feb. 1988</subfield>
    <subfield code="l">0</subfield>
    <subfield code="o">H664.1 IND 1043</subfield>
    <subfield code="p">R04316</subfield>
    <subfield code="r">2026-04-10 16:06:54</subfield>
    <subfield code="w">2026-04-10</subfield>
    <subfield code="y">RN</subfield>
  </datafield>
  <datafield tag="952" ind1=" " ind2=" ">
    <subfield code="0">0</subfield>
    <subfield code="1">0</subfield>
    <subfield code="4">0</subfield>
    <subfield code="7">0</subfield>
    <subfield code="a">BCEJYS</subfield>
    <subfield code="b">BCEJYS</subfield>
    <subfield code="c">17</subfield>
    <subfield code="d">1987-11-01</subfield>
    <subfield code="h">A&#xF1;o 93, N&#xBA; 1042 - nov./dic. 1987</subfield>
    <subfield code="l">0</subfield>
    <subfield code="o">H664.1 IND 1042</subfield>
    <subfield code="p">R04315</subfield>
    <subfield code="r">2026-04-10 16:06:54</subfield>
    <subfield code="w">2026-04-10</subfield>
    <subfield code="y">RN</subfield>
  </datafield>
  <datafield tag="952" ind1=" " ind2=" ">
    <subfield code="0">0</subfield>
    <subfield code="1">0</subfield>
    <subfield code="4">0</subfield>
    <subfield code="7">0</subfield>
    <subfield code="a">BCEJYS</subfield>
    <subfield code="b">BCEJYS</subfield>
    <subfield code="c">17</subfield>
    <subfield code="d">1987-09-01</subfield>
    <subfield code="h">A&#xF1;o 93, N&#xBA; 1041 - sep./oct. 1987</subfield>
    <subfield code="l">0</subfield>
    <subfield code="o">H664.1 IND 1041</subfield>
    <subfield code="p">R04314</subfield>
    <subfield code="r">2026-04-10 16:06:54</subfield>
    <subfield code="w">2026-04-10</subfield>
    <subfield code="y">RN</subfield>
  </datafield>
  <datafield tag="952" ind1=" " ind2=" ">
    <subfield code="0">0</subfield>
    <subfield code="1">0</subfield>
    <subfield code="4">0</subfield>
    <subfield code="7">0</subfield>
    <subfield code="a">BCEJYS</subfield>
    <subfield code="b">BCEJYS</subfield>
    <subfield code="c">17</subfield>
    <subfield code="d">1987-05-01</subfield>
    <subfield code="h">A&#xF1;o 93, N&#xBA; 1040 - mayo/jun. 1987</subfield>
    <subfield code="l">0</subfield>
    <subfield code="o">H664.1 IND 1040</subfield>
    <subfield code="p">R04313</subfield>
    <subfield code="r">2026-04-10 16:06:54</subfield>
    <subfield code="w">2026-04-10</subfield>
    <subfield code="y">RN</subfield>
  </datafield>
  <datafield tag="952" ind1=" " ind2=" ">
    <subfield code="0">0</subfield>
    <subfield code="1">0</subfield>
    <subfield code="4">0</subfield>
    <subfield code="7">0</subfield>
    <subfield code="a">BCEJYS</subfield>
    <subfield code="b">BCEJYS</subfield>
    <subfield code="c">17</subfield>
    <subfield code="d">1987-03-01</subfield>
    <subfield code="h">A&#xF1;o 93, N&#xBA; 1039 - mar./abr. 1987</subfield>
    <subfield code="l">0</subfield>
    <subfield code="o">H664.1 IND 1039</subfield>
    <subfield code="p">R04312</subfield>
    <subfield code="r">2026-04-10 16:06:54</subfield>
    <subfield code="w">2026-04-10</subfield>
    <subfield code="y">RN</subfield>
  </datafield>
  <datafield tag="952" ind1=" " ind2=" ">
    <subfield code="0">0</subfield>
    <subfield code="1">0</subfield>
    <subfield code="4">0</subfield>
    <subfield code="7">0</subfield>
    <subfield code="a">BCEJYS</subfield>
    <subfield code="b">BCEJYS</subfield>
    <subfield code="c">17</subfield>
    <subfield code="d">1987-01-01</subfield>
    <subfield code="h">A&#xF1;o 92, N&#xBA; 1038 - ene./feb. 1987</subfield>
    <subfield code="l">0</subfield>
    <subfield code="o">H664.1 IND 1038</subfield>
    <subfield code="p">R04311</subfield>
    <subfield code="r">2026-04-10 16:06:54</subfield>
    <subfield code="w">2026-04-10</subfield>
    <subfield code="y">RN</subfield>
  </datafield>
  <datafield tag="952" ind1=" " ind2=" ">
    <subfield code="0">0</subfield>
    <subfield code="1">0</subfield>
    <subfield code="4">0</subfield>
    <subfield code="7">0</subfield>
    <subfield code="a">BCEJYS</subfield>
    <subfield code="b">BCEJYS</subfield>
    <subfield code="c">17</subfield>
    <subfield code="d">1986-11-01</subfield>
    <subfield code="h">A&#xF1;o 92, N&#xBA; 1037 - nov./dic. 1986</subfield>
    <subfield code="l">0</subfield>
    <subfield code="o">H664.1 IND 1037</subfield>
    <subfield code="p">R04310</subfield>
    <subfield code="r">2026-04-10 16:06:54</subfield>
    <subfield code="w">2026-04-10</subfield>
    <subfield code="y">RN</subfield>
  </datafield>
  <datafield tag="952" ind1=" " ind2=" ">
    <subfield code="0">0</subfield>
    <subfield code="1">0</subfield>
    <subfield code="4">0</subfield>
    <subfield code="7">0</subfield>
    <subfield code="a">BCEJYS</subfield>
    <subfield code="b">BCEJYS</subfield>
    <subfield code="c">17</subfield>
    <subfield code="d">1986-09-01</subfield>
    <subfield code="h">A&#xF1;o 92, N&#xBA; 1036 - sep./oct. 1986</subfield>
    <subfield code="l">0</subfield>
    <subfield code="o">H664.1 IND 1036</subfield>
    <subfield code="p">R04309</subfield>
    <subfield code="r">2026-04-10 16:06:54</subfield>
    <subfield code="w">2026-04-10</subfield>
    <subfield code="y">RN</subfield>
  </datafield>
  <datafield tag="952" ind1=" " ind2=" ">
    <subfield code="0">0</subfield>
    <subfield code="1">0</subfield>
    <subfield code="4">0</subfield>
    <subfield code="7">0</subfield>
    <subfield code="a">BCEJYS</subfield>
    <subfield code="b">BCEJYS</subfield>
    <subfield code="c">17</subfield>
    <subfield code="d">1986-07-01</subfield>
    <subfield code="h">A&#xF1;o 92, N&#xBA; 1035 - jul./ago. 1986</subfield>
    <subfield code="l">0</subfield>
    <subfield code="o">H664.1 IND 1035</subfield>
    <subfield code="p">R04308</subfield>
    <subfield code="r">2026-04-10 16:06:54</subfield>
    <subfield code="w">2026-04-10</subfield>
    <subfield code="y">RN</subfield>
  </datafield>
  <datafield tag="952" ind1=" " ind2=" ">
    <subfield code="0">0</subfield>
    <subfield code="1">0</subfield>
    <subfield code="4">0</subfield>
    <subfield code="7">0</subfield>
    <subfield code="a">BCEJYS</subfield>
    <subfield code="b">BCEJYS</subfield>
    <subfield code="c">17</subfield>
    <subfield code="d">1986-05-01</subfield>
    <subfield code="h">A&#xF1;o 92, N&#xBA; 1034 - mayo/jun. 1986</subfield>
    <subfield code="l">0</subfield>
    <subfield code="o">H664.1 IND 1034</subfield>
    <subfield code="p">R04307</subfield>
    <subfield code="r">2026-04-10 16:06:54</subfield>
    <subfield code="w">2026-04-10</subfield>
    <subfield code="y">RN</subfield>
  </datafield>
  <datafield tag="952" ind1=" " ind2=" ">
    <subfield code="0">0</subfield>
    <subfield code="1">0</subfield>
    <subfield code="4">0</subfield>
    <subfield code="7">0</subfield>
    <subfield code="a">BCEJYS</subfield>
    <subfield code="b">BCEJYS</subfield>
    <subfield code="c">17</subfield>
    <subfield code="d">1986-03-01</subfield>
    <subfield code="h">A&#xF1;o 92, N&#xBA; 1033 - mar./abr. 1986</subfield>
    <subfield code="l">0</subfield>
    <subfield code="o">H664.1 IND 1033</subfield>
    <subfield code="p">R04306</subfield>
    <subfield code="r">2026-04-10 16:06:54</subfield>
    <subfield code="w">2026-04-10</subfield>
    <subfield code="y">RN</subfield>
  </datafield>
  <datafield tag="952" ind1=" " ind2=" ">
    <subfield code="0">0</subfield>
    <subfield code="1">0</subfield>
    <subfield code="4">0</subfield>
    <subfield code="7">0</subfield>
    <subfield code="a">BCEJYS</subfield>
    <subfield code="b">BCEJYS</subfield>
    <subfield code="c">17</subfield>
    <subfield code="d">1986-01-01</subfield>
    <subfield code="h">A&#xF1;o 92, N&#xBA; 1032 - ene./feb. 1986</subfield>
    <subfield code="l">0</subfield>
    <subfield code="o">H664.1 IND 1032</subfield>
    <subfield code="p">R04305</subfield>
    <subfield code="r">2026-04-10 16:06:54</subfield>
    <subfield code="w">2026-04-10</subfield>
    <subfield code="y">RN</subfield>
  </datafield>
  <datafield tag="952" ind1=" " ind2=" ">
    <subfield code="0">0</subfield>
    <subfield code="1">0</subfield>
    <subfield code="4">0</subfield>
    <subfield code="7">0</subfield>
    <subfield code="a">BCEJYS</subfield>
    <subfield code="b">BCEJYS</subfield>
    <subfield code="c">17</subfield>
    <subfield code="d">1985-11-01</subfield>
    <subfield code="h">A&#xF1;o 91, N&#xBA; 1031 - nov./dic. 1985</subfield>
    <subfield code="l">0</subfield>
    <subfield code="o">H664.1 IND 1031</subfield>
    <subfield code="p">R04304</subfield>
    <subfield code="r">2026-04-10 16:06:54</subfield>
    <subfield code="w">2026-04-10</subfield>
    <subfield code="y">RN</subfield>
  </datafield>
  <datafield tag="952" ind1=" " ind2=" ">
    <subfield code="0">0</subfield>
    <subfield code="1">0</subfield>
    <subfield code="4">0</subfield>
    <subfield code="7">0</subfield>
    <subfield code="a">BCEJYS</subfield>
    <subfield code="b">BCEJYS</subfield>
    <subfield code="c">17</subfield>
    <subfield code="d">1985-09-01</subfield>
    <subfield code="h">A&#xF1;o 91, N&#xBA; 1030 - sep./oct. 1985</subfield>
    <subfield code="l">0</subfield>
    <subfield code="o">H664.1 IND 1030</subfield>
    <subfield code="p">R04303</subfield>
    <subfield code="r">2026-04-10 16:06:54</subfield>
    <subfield code="w">2026-04-10</subfield>
    <subfield code="y">RN</subfield>
  </datafield>
  <datafield tag="952" ind1=" " ind2=" ">
    <subfield code="0">0</subfield>
    <subfield code="1">0</subfield>
    <subfield code="4">0</subfield>
    <subfield code="7">0</subfield>
    <subfield code="a">BCEJYS</subfield>
    <subfield code="b">BCEJYS</subfield>
    <subfield code="c">17</subfield>
    <subfield code="d">1985-07-01</subfield>
    <subfield code="h">A&#xF1;o 91, N&#xBA; 1029 - jul./ago. 1985</subfield>
    <subfield code="l">0</subfield>
    <subfield code="o">H664.1 IND 1029</subfield>
    <subfield code="p">R04302</subfield>
    <subfield code="r">2026-04-10 16:06:54</subfield>
    <subfield code="w">2026-04-10</subfield>
    <subfield code="y">RN</subfield>
  </datafield>
  <datafield tag="952" ind1=" " ind2=" ">
    <subfield code="0">0</subfield>
    <subfield code="1">0</subfield>
    <subfield code="4">0</subfield>
    <subfield code="7">0</subfield>
    <subfield code="a">BCEJYS</subfield>
    <subfield code="b">BCEJYS</subfield>
    <subfield code="c">17</subfield>
    <subfield code="d">1985-05-01</subfield>
    <subfield code="h">A&#xF1;o 91, N&#xBA; 1028 - mayo/jun. 1985</subfield>
    <subfield code="l">0</subfield>
    <subfield code="o">H664.1 IND 1028</subfield>
    <subfield code="p">R04301</subfield>
    <subfield code="r">2026-04-10 16:06:54</subfield>
    <subfield code="w">2026-04-10</subfield>
    <subfield code="y">RN</subfield>
  </datafield>
  <datafield tag="952" ind1=" " ind2=" ">
    <subfield code="0">0</subfield>
    <subfield code="1">0</subfield>
    <subfield code="4">0</subfield>
    <subfield code="7">0</subfield>
    <subfield code="a">BCEJYS</subfield>
    <subfield code="b">BCEJYS</subfield>
    <subfield code="c">17</subfield>
    <subfield code="d">1985-03-01</subfield>
    <subfield code="h">A&#xF1;o 91, N&#xBA; 1027 - mar./abr. 1985</subfield>
    <subfield code="l">0</subfield>
    <subfield code="o">H664.1 IND 1027</subfield>
    <subfield code="p">R04300</subfield>
    <subfield code="r">2026-04-10 16:06:54</subfield>
    <subfield code="w">2026-04-10</subfield>
    <subfield code="y">RN</subfield>
  </datafield>
  <datafield tag="952" ind1=" " ind2=" ">
    <subfield code="0">0</subfield>
    <subfield code="1">0</subfield>
    <subfield code="4">0</subfield>
    <subfield code="7">0</subfield>
    <subfield code="a">BCEJYS</subfield>
    <subfield code="b">BCEJYS</subfield>
    <subfield code="c">17</subfield>
    <subfield code="d">1985-01-01</subfield>
    <subfield code="h">A&#xF1;o 91, N&#xBA; 1026 - ene./feb. 1985</subfield>
    <subfield code="l">0</subfield>
    <subfield code="o">H664.1 IND 1026</subfield>
    <subfield code="p">R04299</subfield>
    <subfield code="r">2026-04-10 16:06:54</subfield>
    <subfield code="w">2026-04-10</subfield>
    <subfield code="y">RN</subfield>
  </datafield>
  <datafield tag="952" ind1=" " ind2=" ">
    <subfield code="0">0</subfield>
    <subfield code="1">0</subfield>
    <subfield code="4">0</subfield>
    <subfield code="7">0</subfield>
    <subfield code="a">BCEJYS</subfield>
    <subfield code="b">BCEJYS</subfield>
    <subfield code="c">17</subfield>
    <subfield code="d">1984-10-01</subfield>
    <subfield code="h">A&#xF1;o 90, N&#xBA; 1025 - oct./dic. 1984</subfield>
    <subfield code="l">0</subfield>
    <subfield code="o">H664.1 IND 1025</subfield>
    <subfield code="p">R04298</subfield>
    <subfield code="r">2026-04-10 16:06:54</subfield>
    <subfield code="w">2026-04-10</subfield>
    <subfield code="y">RN</subfield>
  </datafield>
  <datafield tag="952" ind1=" " ind2=" ">
    <subfield code="0">0</subfield>
    <subfield code="1">0</subfield>
    <subfield code="4">0</subfield>
    <subfield code="7">0</subfield>
    <subfield code="a">BCEJYS</subfield>
    <subfield code="b">BCEJYS</subfield>
    <subfield code="c">17</subfield>
    <subfield code="d">1984-08-01</subfield>
    <subfield code="h">A&#xF1;o 90, N&#xBA; 1024 - ago./sep. 1984</subfield>
    <subfield code="l">0</subfield>
    <subfield code="o">H664.1 IND 1024</subfield>
    <subfield code="p">R04297</subfield>
    <subfield code="r">2026-04-10 16:06:54</subfield>
    <subfield code="w">2026-04-10</subfield>
    <subfield code="y">RN</subfield>
  </datafield>
  <datafield tag="952" ind1=" " ind2=" ">
    <subfield code="0">0</subfield>
    <subfield code="1">0</subfield>
    <subfield code="4">0</subfield>
    <subfield code="7">0</subfield>
    <subfield code="a">BCEJYS</subfield>
    <subfield code="b">BCEJYS</subfield>
    <subfield code="c">17</subfield>
    <subfield code="d">1984-06-01</subfield>
    <subfield code="h">A&#xF1;o 90, N&#xBA; 1023 - jun./jul. 1984</subfield>
    <subfield code="l">0</subfield>
    <subfield code="o">H664.1 IND 1023</subfield>
    <subfield code="p">R04296</subfield>
    <subfield code="r">2026-04-10 16:06:54</subfield>
    <subfield code="w">2026-04-10</subfield>
    <subfield code="y">RN</subfield>
  </datafield>
  <datafield tag="952" ind1=" " ind2=" ">
    <subfield code="0">0</subfield>
    <subfield code="1">0</subfield>
    <subfield code="4">0</subfield>
    <subfield code="7">0</subfield>
    <subfield code="a">BCEJYS</subfield>
    <subfield code="b">BCEJYS</subfield>
    <subfield code="c">17</subfield>
    <subfield code="d">1984-04-01</subfield>
    <subfield code="h">A&#xF1;o 90, N&#xBA; 1022 - abr./mayo 1984</subfield>
    <subfield code="l">0</subfield>
    <subfield code="o">H664.1 IND 1022</subfield>
    <subfield code="p">R04294</subfield>
    <subfield code="r">2026-04-10 16:06:54</subfield>
    <subfield code="w">2026-04-10</subfield>
    <subfield code="y">RN</subfield>
  </datafield>
  <datafield tag="952" ind1=" " ind2=" ">
    <subfield code="0">0</subfield>
    <subfield code="1">0</subfield>
    <subfield code="4">0</subfield>
    <subfield code="7">0</subfield>
    <subfield code="a">BCEJYS</subfield>
    <subfield code="b">BCEJYS</subfield>
    <subfield code="c">17</subfield>
    <subfield code="d">1984-04-01</subfield>
    <subfield code="h">A&#xF1;o 90, N&#xBA; 1022 - abr./mayo 1984</subfield>
    <subfield code="l">0</subfield>
    <subfield code="o">H664.1 IND 1022 Ej.2</subfield>
    <subfield code="p">R04295</subfield>
    <subfield code="r">2026-04-10 16:06:54</subfield>
    <subfield code="w">2026-04-10</subfield>
    <subfield code="y">RN</subfield>
  </datafield>
  <datafield tag="952" ind1=" " ind2=" ">
    <subfield code="0">0</subfield>
    <subfield code="1">0</subfield>
    <subfield code="4">0</subfield>
    <subfield code="7">0</subfield>
    <subfield code="a">BCEJYS</subfield>
    <subfield code="b">BCEJYS</subfield>
    <subfield code="c">17</subfield>
    <subfield code="d">1984-01-01</subfield>
    <subfield code="h">A&#xF1;o 90, N&#xBA; 1021 - ene./mar 1984</subfield>
    <subfield code="l">0</subfield>
    <subfield code="o">H664.1 IND 1021</subfield>
    <subfield code="p">R04293</subfield>
    <subfield code="r">2026-04-10 16:06:54</subfield>
    <subfield code="w">2026-04-10</subfield>
    <subfield code="y">RN</subfield>
  </datafield>
  <datafield tag="952" ind1=" " ind2=" ">
    <subfield code="0">0</subfield>
    <subfield code="1">0</subfield>
    <subfield code="4">0</subfield>
    <subfield code="7">0</subfield>
    <subfield code="a">BCEJYS</subfield>
    <subfield code="b">BCEJYS</subfield>
    <subfield code="c">17</subfield>
    <subfield code="d">1983-10-01</subfield>
    <subfield code="h">A&#xF1;o 89, N&#xBA; 1020 - oct./dic. 1983</subfield>
    <subfield code="l">0</subfield>
    <subfield code="o">H664.1 IND 1020</subfield>
    <subfield code="p">R04292</subfield>
    <subfield code="r">2026-04-10 16:06:54</subfield>
    <subfield code="w">2026-04-10</subfield>
    <subfield code="y">RN</subfield>
  </datafield>
  <datafield tag="952" ind1=" " ind2=" ">
    <subfield code="0">0</subfield>
    <subfield code="1">0</subfield>
    <subfield code="4">0</subfield>
    <subfield code="7">0</subfield>
    <subfield code="a">BCEJYS</subfield>
    <subfield code="b">BCEJYS</subfield>
    <subfield code="c">17</subfield>
    <subfield code="d">1983-07-01</subfield>
    <subfield code="h">A&#xF1;o 89, N&#xBA; 1019 - jul./sep. 1983</subfield>
    <subfield code="l">0</subfield>
    <subfield code="o">H664.1 IND 1019</subfield>
    <subfield code="p">R04291</subfield>
    <subfield code="r">2026-04-10 16:06:54</subfield>
    <subfield code="w">2026-04-10</subfield>
    <subfield code="y">RN</subfield>
  </datafield>
  <datafield tag="952" ind1=" " ind2=" ">
    <subfield code="0">0</subfield>
    <subfield code="1">0</subfield>
    <subfield code="4">0</subfield>
    <subfield code="7">0</subfield>
    <subfield code="a">BCEJYS</subfield>
    <subfield code="b">BCEJYS</subfield>
    <subfield code="c">17</subfield>
    <subfield code="d">1983-04-01</subfield>
    <subfield code="h">A&#xF1;o 89, N&#xBA; 1018 - abr./jun. 1983</subfield>
    <subfield code="l">0</subfield>
    <subfield code="o">H664.1 IND 1018</subfield>
    <subfield code="p">R04290</subfield>
    <subfield code="r">2026-04-10 16:06:54</subfield>
    <subfield code="w">2026-04-10</subfield>
    <subfield code="y">RN</subfield>
  </datafield>
  <datafield tag="952" ind1=" " ind2=" ">
    <subfield code="0">0</subfield>
    <subfield code="1">0</subfield>
    <subfield code="4">0</subfield>
    <subfield code="7">0</subfield>
    <subfield code="a">BCEJYS</subfield>
    <subfield code="b">BCEJYS</subfield>
    <subfield code="c">17</subfield>
    <subfield code="d">1983-01-01</subfield>
    <subfield code="h">A&#xF1;o 88, N&#xBA; 1017 - ene./mar 1983</subfield>
    <subfield code="l">0</subfield>
    <subfield code="o">H664.1 IND 1017</subfield>
    <subfield code="p">R04289</subfield>
    <subfield code="r">2026-04-10 16:06:54</subfield>
    <subfield code="w">2026-04-10</subfield>
    <subfield code="y">RN</subfield>
  </datafield>
  <datafield tag="952" ind1=" " ind2=" ">
    <subfield code="0">0</subfield>
    <subfield code="1">0</subfield>
    <subfield code="4">0</subfield>
    <subfield code="7">0</subfield>
    <subfield code="a">BCEJYS</subfield>
    <subfield code="b">BCEJYS</subfield>
    <subfield code="c">17</subfield>
    <subfield code="d">1982-10-01</subfield>
    <subfield code="h">A&#xF1;o 87, N&#xBA; 1016 - oct./dic. 1982</subfield>
    <subfield code="l">0</subfield>
    <subfield code="o">H664.1 IND 1016</subfield>
    <subfield code="p">R04288</subfield>
    <subfield code="r">2026-04-10 16:06:54</subfield>
    <subfield code="w">2026-04-10</subfield>
    <subfield code="y">RN</subfield>
  </datafield>
  <datafield tag="952" ind1=" " ind2=" ">
    <subfield code="0">0</subfield>
    <subfield code="1">0</subfield>
    <subfield code="4">0</subfield>
    <subfield code="7">0</subfield>
    <subfield code="a">BCEJYS</subfield>
    <subfield code="b">BCEJYS</subfield>
    <subfield code="c">17</subfield>
    <subfield code="d">1982-07-01</subfield>
    <subfield code="h">A&#xF1;o 87, N&#xBA; 1015 - jul./sep. 1982</subfield>
    <subfield code="l">0</subfield>
    <subfield code="o">H664.1 IND 1015</subfield>
    <subfield code="p">R04287</subfield>
    <subfield code="r">2026-04-10 16:06:54</subfield>
    <subfield code="w">2026-04-10</subfield>
    <subfield code="y">RN</subfield>
  </datafield>
  <datafield tag="952" ind1=" " ind2=" ">
    <subfield code="0">0</subfield>
    <subfield code="1">0</subfield>
    <subfield code="4">0</subfield>
    <subfield code="7">0</subfield>
    <subfield code="a">BCEJYS</subfield>
    <subfield code="b">BCEJYS</subfield>
    <subfield code="c">17</subfield>
    <subfield code="d">1982-04-01</subfield>
    <subfield code="h">A&#xF1;o 87, N&#xBA; 1014 - abr./jun. 1982</subfield>
    <subfield code="l">0</subfield>
    <subfield code="o">H664.1 IND 1014</subfield>
    <subfield code="p">R04286</subfield>
    <subfield code="r">2026-04-10 16:06:54</subfield>
    <subfield code="w">2026-04-10</subfield>
    <subfield code="y">RN</subfield>
  </datafield>
  <datafield tag="952" ind1=" " ind2=" ">
    <subfield code="0">0</subfield>
    <subfield code="1">0</subfield>
    <subfield code="4">0</subfield>
    <subfield code="7">0</subfield>
    <subfield code="a">BCEJYS</subfield>
    <subfield code="b">BCEJYS</subfield>
    <subfield code="c">17</subfield>
    <subfield code="d">1982-03-01</subfield>
    <subfield code="h">A&#xF1;o 87, N&#xBA; 1013 - mar. 1982</subfield>
    <subfield code="l">0</subfield>
    <subfield code="o">H664.1 IND 1013</subfield>
    <subfield code="p">R04285</subfield>
    <subfield code="r">2026-04-10 16:06:54</subfield>
    <subfield code="w">2026-04-10</subfield>
    <subfield code="y">RN</subfield>
  </datafield>
  <datafield tag="952" ind1=" " ind2=" ">
    <subfield code="0">0</subfield>
    <subfield code="1">0</subfield>
    <subfield code="4">0</subfield>
    <subfield code="7">0</subfield>
    <subfield code="a">BCEJYS</subfield>
    <subfield code="b">BCEJYS</subfield>
    <subfield code="c">17</subfield>
    <subfield code="d">1982-01-01</subfield>
    <subfield code="h">A&#xF1;o 87, N&#xBA; 1012 - ene./feb. 1982</subfield>
    <subfield code="l">0</subfield>
    <subfield code="o">H664.1 IND 1012</subfield>
    <subfield code="p">R04284</subfield>
    <subfield code="r">2026-04-10 16:06:54</subfield>
    <subfield code="w">2026-04-10</subfield>
    <subfield code="y">RN</subfield>
  </datafield>
  <datafield tag="952" ind1=" " ind2=" ">
    <subfield code="0">0</subfield>
    <subfield code="1">0</subfield>
    <subfield code="4">0</subfield>
    <subfield code="7">0</subfield>
    <subfield code="a">BCEJYS</subfield>
    <subfield code="b">BCEJYS</subfield>
    <subfield code="c">17</subfield>
    <subfield code="d">1981-12-01</subfield>
    <subfield code="h">A&#xF1;o 87, N&#xBA; 1011 - dic. 1981</subfield>
    <subfield code="l">0</subfield>
    <subfield code="o">H664.1 IND 1011</subfield>
    <subfield code="p">R04283</subfield>
    <subfield code="r">2026-04-10 16:06:54</subfield>
    <subfield code="w">2026-04-10</subfield>
    <subfield code="y">RN</subfield>
  </datafield>
  <datafield tag="952" ind1=" " ind2=" ">
    <subfield code="0">0</subfield>
    <subfield code="1">0</subfield>
    <subfield code="4">0</subfield>
    <subfield code="7">0</subfield>
    <subfield code="a">BCEJYS</subfield>
    <subfield code="b">BCEJYS</subfield>
    <subfield code="c">17</subfield>
    <subfield code="d">1981-11-01</subfield>
    <subfield code="h">A&#xF1;o 87, N&#xBA; 1010 - nov. 1981</subfield>
    <subfield code="l">0</subfield>
    <subfield code="o">H664.1 IND 1010</subfield>
    <subfield code="p">R04282</subfield>
    <subfield code="r">2026-04-10 16:06:54</subfield>
    <subfield code="w">2026-04-10</subfield>
    <subfield code="y">RN</subfield>
  </datafield>
  <datafield tag="952" ind1=" " ind2=" ">
    <subfield code="0">0</subfield>
    <subfield code="1">0</subfield>
    <subfield code="4">0</subfield>
    <subfield code="7">0</subfield>
    <subfield code="a">BCEJYS</subfield>
    <subfield code="b">BCEJYS</subfield>
    <subfield code="c">17</subfield>
    <subfield code="d">1981-10-01</subfield>
    <subfield code="h">A&#xF1;o 87, N&#xBA; 1009 - oct. 1981</subfield>
    <subfield code="l">0</subfield>
    <subfield code="o">H664.1 IND 1009</subfield>
    <subfield code="p">R04281</subfield>
    <subfield code="r">2026-04-10 16:06:54</subfield>
    <subfield code="w">2026-04-10</subfield>
    <subfield code="y">RN</subfield>
  </datafield>
  <datafield tag="952" ind1=" " ind2=" ">
    <subfield code="0">0</subfield>
    <subfield code="1">0</subfield>
    <subfield code="4">0</subfield>
    <subfield code="7">0</subfield>
    <subfield code="a">BCEJYS</subfield>
    <subfield code="b">BCEJYS</subfield>
    <subfield code="c">17</subfield>
    <subfield code="d">1981-09-01</subfield>
    <subfield code="h">A&#xF1;o 87, N&#xBA; 1008 - sep. 1981</subfield>
    <subfield code="l">0</subfield>
    <subfield code="o">H664.1 IND 1008</subfield>
    <subfield code="p">R04280</subfield>
    <subfield code="r">2026-04-10 16:06:54</subfield>
    <subfield code="w">2026-04-10</subfield>
    <subfield code="y">RN</subfield>
  </datafield>
  <datafield tag="952" ind1=" " ind2=" ">
    <subfield code="0">0</subfield>
    <subfield code="1">0</subfield>
    <subfield code="4">0</subfield>
    <subfield code="7">0</subfield>
    <subfield code="a">BCEJYS</subfield>
    <subfield code="b">BCEJYS</subfield>
    <subfield code="c">17</subfield>
    <subfield code="d">1981-08-01</subfield>
    <subfield code="h">A&#xF1;o 87, N&#xBA; 1007 - ago. 1981</subfield>
    <subfield code="l">0</subfield>
    <subfield code="o">H664.1 IND 1007</subfield>
    <subfield code="p">R04279</subfield>
    <subfield code="r">2026-04-10 16:06:54</subfield>
    <subfield code="w">2026-04-10</subfield>
    <subfield code="y">RN</subfield>
  </datafield>
  <datafield tag="952" ind1=" " ind2=" ">
    <subfield code="0">0</subfield>
    <subfield code="1">0</subfield>
    <subfield code="4">0</subfield>
    <subfield code="7">0</subfield>
    <subfield code="a">BCEJYS</subfield>
    <subfield code="b">BCEJYS</subfield>
    <subfield code="c">17</subfield>
    <subfield code="d">1981-07-01</subfield>
    <subfield code="h">A&#xF1;o 87, N&#xBA; 1006 - jul. 1981</subfield>
    <subfield code="l">0</subfield>
    <subfield code="o">H664.1 IND 1006</subfield>
    <subfield code="p">R04278</subfield>
    <subfield code="r">2026-04-10 16:06:54</subfield>
    <subfield code="w">2026-04-10</subfield>
    <subfield code="y">RN</subfield>
  </datafield>
  <datafield tag="952" ind1=" " ind2=" ">
    <subfield code="0">0</subfield>
    <subfield code="1">0</subfield>
    <subfield code="4">0</subfield>
    <subfield code="7">0</subfield>
    <subfield code="a">BCEJYS</subfield>
    <subfield code="b">BCEJYS</subfield>
    <subfield code="c">17</subfield>
    <subfield code="d">1981-06-01</subfield>
    <subfield code="h">A&#xF1;o 87, N&#xBA; 1005 - jun. 1981</subfield>
    <subfield code="l">0</subfield>
    <subfield code="o">H664.1 IND 1005</subfield>
    <subfield code="p">R04277</subfield>
    <subfield code="r">2026-04-10 16:06:55</subfield>
    <subfield code="w">2026-04-10</subfield>
    <subfield code="y">RN</subfield>
  </datafield>
  <datafield tag="952" ind1=" " ind2=" ">
    <subfield code="0">0</subfield>
    <subfield code="1">0</subfield>
    <subfield code="4">0</subfield>
    <subfield code="7">0</subfield>
    <subfield code="a">BCEJYS</subfield>
    <subfield code="b">BCEJYS</subfield>
    <subfield code="c">17</subfield>
    <subfield code="d">1981-05-01</subfield>
    <subfield code="h">A&#xF1;o 87, N&#xBA; 1004 - mayo 1981</subfield>
    <subfield code="l">0</subfield>
    <subfield code="o">H664.1 IND 1004</subfield>
    <subfield code="p">R04276</subfield>
    <subfield code="r">2026-04-10 16:06:55</subfield>
    <subfield code="w">2026-04-10</subfield>
    <subfield code="y">RN</subfield>
  </datafield>
  <datafield tag="952" ind1=" " ind2=" ">
    <subfield code="0">0</subfield>
    <subfield code="1">0</subfield>
    <subfield code="4">0</subfield>
    <subfield code="7">0</subfield>
    <subfield code="a">BCEJYS</subfield>
    <subfield code="b">BCEJYS</subfield>
    <subfield code="c">17</subfield>
    <subfield code="d">1981-03-01</subfield>
    <subfield code="h">A&#xF1;o 87, N&#xBA; 1003 - mar./abr. 1981</subfield>
    <subfield code="l">0</subfield>
    <subfield code="o">H664.1 IND 1003</subfield>
    <subfield code="p">R04275</subfield>
    <subfield code="r">2026-04-10 16:06:55</subfield>
    <subfield code="w">2026-04-10</subfield>
    <subfield code="y">RN</subfield>
  </datafield>
  <datafield tag="952" ind1=" " ind2=" ">
    <subfield code="0">0</subfield>
    <subfield code="1">0</subfield>
    <subfield code="4">0</subfield>
    <subfield code="7">0</subfield>
    <subfield code="a">BCEJYS</subfield>
    <subfield code="b">BCEJYS</subfield>
    <subfield code="c">17</subfield>
    <subfield code="d">1981-01-01</subfield>
    <subfield code="h">A&#xF1;o 87, N&#xBA; 1002 - ene./feb. 1981</subfield>
    <subfield code="l">0</subfield>
    <subfield code="o">H664.1 IND 1002</subfield>
    <subfield code="p">R04274</subfield>
    <subfield code="r">2026-04-10 16:06:55</subfield>
    <subfield code="w">2026-04-10</subfield>
    <subfield code="y">RN</subfield>
  </datafield>
  <datafield tag="952" ind1=" " ind2=" ">
    <subfield code="0">0</subfield>
    <subfield code="1">0</subfield>
    <subfield code="4">0</subfield>
    <subfield code="7">0</subfield>
    <subfield code="a">BCEJYS</subfield>
    <subfield code="b">BCEJYS</subfield>
    <subfield code="c">17</subfield>
    <subfield code="d">1980-12-01</subfield>
    <subfield code="h">A&#xF1;o 86, N&#xBA; 1001 - dic. 1980</subfield>
    <subfield code="l">0</subfield>
    <subfield code="o">H664.1 IND 1001</subfield>
    <subfield code="p">R04273</subfield>
    <subfield code="r">2026-04-10 16:06:55</subfield>
    <subfield code="w">2026-04-10</subfield>
    <subfield code="y">RN</subfield>
  </datafield>
  <datafield tag="952" ind1=" " ind2=" ">
    <subfield code="0">0</subfield>
    <subfield code="1">0</subfield>
    <subfield code="4">0</subfield>
    <subfield code="7">0</subfield>
    <subfield code="a">BCEJYS</subfield>
    <subfield code="b">BCEJYS</subfield>
    <subfield code="c">17</subfield>
    <subfield code="d">1980-10-01</subfield>
    <subfield code="h">A&#xF1;o 86, N&#xBA; 1000 - oct./nov. 1980</subfield>
    <subfield code="l">0</subfield>
    <subfield code="o">H664.1 IND 1000</subfield>
    <subfield code="p">R04272</subfield>
    <subfield code="r">2026-04-10 16:06:55</subfield>
    <subfield code="w">2026-04-10</subfield>
    <subfield code="y">RN</subfield>
  </datafield>
  <datafield tag="952" ind1=" " ind2=" ">
    <subfield code="0">0</subfield>
    <subfield code="1">0</subfield>
    <subfield code="4">0</subfield>
    <subfield code="7">0</subfield>
    <subfield code="a">BCEJYS</subfield>
    <subfield code="b">BCEJYS</subfield>
    <subfield code="c">17</subfield>
    <subfield code="d">1980-07-01</subfield>
    <subfield code="h">A&#xF1;o 86, N&#xBA; 999 - jul./ago. 1980</subfield>
    <subfield code="l">0</subfield>
    <subfield code="o">H664.1 IND 999</subfield>
    <subfield code="p">R04271</subfield>
    <subfield code="r">2026-04-10 16:06:55</subfield>
    <subfield code="w">2026-04-10</subfield>
    <subfield code="y">RN</subfield>
  </datafield>
  <datafield tag="952" ind1=" " ind2=" ">
    <subfield code="0">0</subfield>
    <subfield code="1">0</subfield>
    <subfield code="4">0</subfield>
    <subfield code="7">0</subfield>
    <subfield code="a">BCEJYS</subfield>
    <subfield code="b">BCEJYS</subfield>
    <subfield code="c">17</subfield>
    <subfield code="d">1980-06-01</subfield>
    <subfield code="h">A&#xF1;o 86, N&#xBA; 998 - jun. 1980</subfield>
    <subfield code="l">0</subfield>
    <subfield code="o">H664.1 IND 998</subfield>
    <subfield code="p">R04270</subfield>
    <subfield code="r">2026-04-10 16:06:55</subfield>
    <subfield code="w">2026-04-10</subfield>
    <subfield code="y">RN</subfield>
  </datafield>
  <datafield tag="952" ind1=" " ind2=" ">
    <subfield code="0">0</subfield>
    <subfield code="1">0</subfield>
    <subfield code="4">0</subfield>
    <subfield code="7">0</subfield>
    <subfield code="a">BCEJYS</subfield>
    <subfield code="b">BCEJYS</subfield>
    <subfield code="c">17</subfield>
    <subfield code="d">1980-05-01</subfield>
    <subfield code="h">A&#xF1;o 86, N&#xBA; 997 - mayo 1980</subfield>
    <subfield code="l">0</subfield>
    <subfield code="o">H664.1 IND 997</subfield>
    <subfield code="p">R04269</subfield>
    <subfield code="r">2026-04-10 16:06:55</subfield>
    <subfield code="w">2026-04-10</subfield>
    <subfield code="y">RN</subfield>
  </datafield>
  <datafield tag="952" ind1=" " ind2=" ">
    <subfield code="0">0</subfield>
    <subfield code="1">0</subfield>
    <subfield code="4">0</subfield>
    <subfield code="7">0</subfield>
    <subfield code="a">BCEJYS</subfield>
    <subfield code="b">BCEJYS</subfield>
    <subfield code="c">17</subfield>
    <subfield code="d">1980-04-01</subfield>
    <subfield code="h">A&#xF1;o 86, N&#xBA; 996 - abr. 1980</subfield>
    <subfield code="l">0</subfield>
    <subfield code="o">H664.1 IND 996</subfield>
    <subfield code="p">R04268</subfield>
    <subfield code="r">2026-04-10 16:06:55</subfield>
    <subfield code="w">2026-04-10</subfield>
    <subfield code="y">RN</subfield>
  </datafield>
  <datafield tag="952" ind1=" " ind2=" ">
    <subfield code="0">0</subfield>
    <subfield code="1">0</subfield>
    <subfield code="4">0</subfield>
    <subfield code="7">0</subfield>
    <subfield code="a">BCEJYS</subfield>
    <subfield code="b">BCEJYS</subfield>
    <subfield code="c">17</subfield>
    <subfield code="d">1980-03-01</subfield>
    <subfield code="h">A&#xF1;o 86, N&#xBA; 995 - mar. 1980</subfield>
    <subfield code="l">0</subfield>
    <subfield code="o">H664.1 IND 995</subfield>
    <subfield code="p">R04267</subfield>
    <subfield code="r">2026-04-10 16:06:55</subfield>
    <subfield code="w">2026-04-10</subfield>
    <subfield code="y">RN</subfield>
  </datafield>
  <datafield tag="952" ind1=" " ind2=" ">
    <subfield code="0">0</subfield>
    <subfield code="1">0</subfield>
    <subfield code="4">0</subfield>
    <subfield code="7">0</subfield>
    <subfield code="a">BCEJYS</subfield>
    <subfield code="b">BCEJYS</subfield>
    <subfield code="c">17</subfield>
    <subfield code="d">1980-02-01</subfield>
    <subfield code="h">A&#xF1;o 86, N&#xBA; 994 - feb. 1980</subfield>
    <subfield code="l">0</subfield>
    <subfield code="o">H664.1 IND 994</subfield>
    <subfield code="p">R04266</subfield>
    <subfield code="r">2026-04-10 16:06:55</subfield>
    <subfield code="w">2026-04-10</subfield>
    <subfield code="y">RN</subfield>
  </datafield>
  <datafield tag="952" ind1=" " ind2=" ">
    <subfield code="0">0</subfield>
    <subfield code="1">0</subfield>
    <subfield code="4">0</subfield>
    <subfield code="7">0</subfield>
    <subfield code="a">BCEJYS</subfield>
    <subfield code="b">BCEJYS</subfield>
    <subfield code="c">17</subfield>
    <subfield code="d">1979-11-01</subfield>
    <subfield code="h">A&#xF1;o 86, N&#xBA; 992 - nov./dic. 1979</subfield>
    <subfield code="l">0</subfield>
    <subfield code="o">H664.1 IND 992</subfield>
    <subfield code="p">R04265</subfield>
    <subfield code="r">2026-04-10 16:06:55</subfield>
    <subfield code="w">2026-04-10</subfield>
    <subfield code="y">RN</subfield>
  </datafield>
  <datafield tag="952" ind1=" " ind2=" ">
    <subfield code="0">0</subfield>
    <subfield code="1">0</subfield>
    <subfield code="4">0</subfield>
    <subfield code="7">0</subfield>
    <subfield code="a">BCEJYS</subfield>
    <subfield code="b">BCEJYS</subfield>
    <subfield code="c">17</subfield>
    <subfield code="d">1979-10-01</subfield>
    <subfield code="h">A&#xF1;o 86, N&#xBA; 991 - oct. 1979</subfield>
    <subfield code="l">0</subfield>
    <subfield code="o">H664.1 IND 991</subfield>
    <subfield code="p">R04264</subfield>
    <subfield code="r">2026-04-10 16:06:55</subfield>
    <subfield code="w">2026-04-10</subfield>
    <subfield code="y">RN</subfield>
  </datafield>
  <datafield tag="952" ind1=" " ind2=" ">
    <subfield code="0">0</subfield>
    <subfield code="1">0</subfield>
    <subfield code="4">0</subfield>
    <subfield code="7">0</subfield>
    <subfield code="a">BCEJYS</subfield>
    <subfield code="b">BCEJYS</subfield>
    <subfield code="c">17</subfield>
    <subfield code="d">1979-09-01</subfield>
    <subfield code="h">A&#xF1;o 86, N&#xBA; 990 - sep. 1979</subfield>
    <subfield code="l">0</subfield>
    <subfield code="o">H664.1 IND 990</subfield>
    <subfield code="p">R04263</subfield>
    <subfield code="r">2026-04-10 16:06:55</subfield>
    <subfield code="w">2026-04-10</subfield>
    <subfield code="y">RN</subfield>
  </datafield>
  <datafield tag="952" ind1=" " ind2=" ">
    <subfield code="0">0</subfield>
    <subfield code="1">0</subfield>
    <subfield code="4">0</subfield>
    <subfield code="7">0</subfield>
    <subfield code="a">BCEJYS</subfield>
    <subfield code="b">BCEJYS</subfield>
    <subfield code="c">17</subfield>
    <subfield code="d">1979-08-01</subfield>
    <subfield code="h">A&#xF1;o 86, N&#xBA; 989 - ago. 1979</subfield>
    <subfield code="l">0</subfield>
    <subfield code="o">H664.1 IND 989</subfield>
    <subfield code="p">R04262</subfield>
    <subfield code="r">2026-04-10 16:06:55</subfield>
    <subfield code="w">2026-04-10</subfield>
    <subfield code="y">RN</subfield>
  </datafield>
  <datafield tag="952" ind1=" " ind2=" ">
    <subfield code="0">0</subfield>
    <subfield code="1">0</subfield>
    <subfield code="4">0</subfield>
    <subfield code="7">0</subfield>
    <subfield code="a">BCEJYS</subfield>
    <subfield code="b">BCEJYS</subfield>
    <subfield code="c">17</subfield>
    <subfield code="d">1979-07-01</subfield>
    <subfield code="h">A&#xF1;o 86, N&#xBA; 988 - jul. 1979</subfield>
    <subfield code="l">0</subfield>
    <subfield code="o">H664.1 IND 988</subfield>
    <subfield code="p">R04261</subfield>
    <subfield code="r">2026-04-10 16:06:55</subfield>
    <subfield code="w">2026-04-10</subfield>
    <subfield code="y">RN</subfield>
  </datafield>
  <datafield tag="952" ind1=" " ind2=" ">
    <subfield code="0">0</subfield>
    <subfield code="1">0</subfield>
    <subfield code="4">0</subfield>
    <subfield code="7">0</subfield>
    <subfield code="a">BCEJYS</subfield>
    <subfield code="b">BCEJYS</subfield>
    <subfield code="c">17</subfield>
    <subfield code="d">1979-06-01</subfield>
    <subfield code="h">A&#xF1;o 86, N&#xBA; 987 - jun. 1979</subfield>
    <subfield code="l">0</subfield>
    <subfield code="o">H664.1 IND 987</subfield>
    <subfield code="p">R04260</subfield>
    <subfield code="r">2026-04-10 16:06:55</subfield>
    <subfield code="w">2026-04-10</subfield>
    <subfield code="y">RN</subfield>
  </datafield>
  <datafield tag="952" ind1=" " ind2=" ">
    <subfield code="0">0</subfield>
    <subfield code="1">0</subfield>
    <subfield code="4">0</subfield>
    <subfield code="7">0</subfield>
    <subfield code="a">BCEJYS</subfield>
    <subfield code="b">BCEJYS</subfield>
    <subfield code="c">17</subfield>
    <subfield code="d">1979-05-01</subfield>
    <subfield code="h">A&#xF1;o 86, N&#xBA; 986 - mayo 1979</subfield>
    <subfield code="l">0</subfield>
    <subfield code="o">H664.1 IND 986</subfield>
    <subfield code="p">R04259</subfield>
    <subfield code="r">2026-04-10 16:06:55</subfield>
    <subfield code="w">2026-04-10</subfield>
    <subfield code="y">RN</subfield>
  </datafield>
  <datafield tag="952" ind1=" " ind2=" ">
    <subfield code="0">0</subfield>
    <subfield code="1">0</subfield>
    <subfield code="4">0</subfield>
    <subfield code="7">0</subfield>
    <subfield code="a">BCEJYS</subfield>
    <subfield code="b">BCEJYS</subfield>
    <subfield code="c">17</subfield>
    <subfield code="d">1979-04-01</subfield>
    <subfield code="h">A&#xF1;o 86, N&#xBA; 985 - abr. 1979</subfield>
    <subfield code="l">0</subfield>
    <subfield code="o">H664.1 IND 985</subfield>
    <subfield code="p">R04258</subfield>
    <subfield code="r">2026-04-10 16:06:55</subfield>
    <subfield code="w">2026-04-10</subfield>
    <subfield code="y">RN</subfield>
  </datafield>
  <datafield tag="952" ind1=" " ind2=" ">
    <subfield code="0">0</subfield>
    <subfield code="1">0</subfield>
    <subfield code="4">0</subfield>
    <subfield code="7">0</subfield>
    <subfield code="a">BCEJYS</subfield>
    <subfield code="b">BCEJYS</subfield>
    <subfield code="c">17</subfield>
    <subfield code="d">1979-03-01</subfield>
    <subfield code="h">A&#xF1;o 86, N&#xBA; 984 - mar. 1979</subfield>
    <subfield code="l">0</subfield>
    <subfield code="o">H664.1 IND 984</subfield>
    <subfield code="p">R04257</subfield>
    <subfield code="r">2026-04-10 16:06:55</subfield>
    <subfield code="w">2026-04-10</subfield>
    <subfield code="y">RN</subfield>
  </datafield>
  <datafield tag="952" ind1=" " ind2=" ">
    <subfield code="0">0</subfield>
    <subfield code="1">0</subfield>
    <subfield code="4">0</subfield>
    <subfield code="7">0</subfield>
    <subfield code="a">BCEJYS</subfield>
    <subfield code="b">BCEJYS</subfield>
    <subfield code="c">17</subfield>
    <subfield code="d">1979-01-01</subfield>
    <subfield code="h">A&#xF1;o 86, N&#xBA; 983/1 - ene. 1979</subfield>
    <subfield code="l">0</subfield>
    <subfield code="o">H664.1 IND 983/1</subfield>
    <subfield code="p">R04256</subfield>
    <subfield code="r">2026-04-10 16:06:55</subfield>
    <subfield code="w">2026-04-10</subfield>
    <subfield code="y">RN</subfield>
  </datafield>
  <datafield tag="952" ind1=" " ind2=" ">
    <subfield code="0">0</subfield>
    <subfield code="1">0</subfield>
    <subfield code="4">0</subfield>
    <subfield code="7">0</subfield>
    <subfield code="a">BCEJYS</subfield>
    <subfield code="b">BCEJYS</subfield>
    <subfield code="c">17</subfield>
    <subfield code="d">1978-12-01</subfield>
    <subfield code="h">A&#xF1;o 85, N&#xBA; 983 - dic. 1978</subfield>
    <subfield code="l">0</subfield>
    <subfield code="o">H664.1 IND 983</subfield>
    <subfield code="p">R04255</subfield>
    <subfield code="r">2026-04-10 16:06:55</subfield>
    <subfield code="w">2026-04-10</subfield>
    <subfield code="y">RN</subfield>
  </datafield>
  <datafield tag="952" ind1=" " ind2=" ">
    <subfield code="0">0</subfield>
    <subfield code="1">0</subfield>
    <subfield code="4">0</subfield>
    <subfield code="7">0</subfield>
    <subfield code="a">BCEJYS</subfield>
    <subfield code="b">BCEJYS</subfield>
    <subfield code="c">17</subfield>
    <subfield code="d">1978-11-01</subfield>
    <subfield code="h">A&#xF1;o 85, N&#xBA; 982 - nov. 1978</subfield>
    <subfield code="l">0</subfield>
    <subfield code="o">H664.1 IND 982</subfield>
    <subfield code="p">R04254</subfield>
    <subfield code="r">2026-04-10 16:06:55</subfield>
    <subfield code="w">2026-04-10</subfield>
    <subfield code="y">RN</subfield>
  </datafield>
  <datafield tag="952" ind1=" " ind2=" ">
    <subfield code="0">0</subfield>
    <subfield code="1">0</subfield>
    <subfield code="4">0</subfield>
    <subfield code="7">0</subfield>
    <subfield code="a">BCEJYS</subfield>
    <subfield code="b">BCEJYS</subfield>
    <subfield code="c">17</subfield>
    <subfield code="d">1978-10-01</subfield>
    <subfield code="h">A&#xF1;o 85, N&#xBA; 981 - oct. 1978</subfield>
    <subfield code="l">0</subfield>
    <subfield code="o">H664.1 IND 981</subfield>
    <subfield code="p">R04253</subfield>
    <subfield code="r">2026-04-10 16:06:55</subfield>
    <subfield code="w">2026-04-10</subfield>
    <subfield code="y">RN</subfield>
  </datafield>
  <datafield tag="952" ind1=" " ind2=" ">
    <subfield code="0">0</subfield>
    <subfield code="1">0</subfield>
    <subfield code="4">0</subfield>
    <subfield code="7">0</subfield>
    <subfield code="a">BCEJYS</subfield>
    <subfield code="b">BCEJYS</subfield>
    <subfield code="c">17</subfield>
    <subfield code="d">1978-09-01</subfield>
    <subfield code="h">A&#xF1;o 85, N&#xBA; 980 - sep. 1978</subfield>
    <subfield code="l">0</subfield>
    <subfield code="o">H664.1 IND 980</subfield>
    <subfield code="p">R04252</subfield>
    <subfield code="r">2026-04-10 16:06:55</subfield>
    <subfield code="w">2026-04-10</subfield>
    <subfield code="y">RN</subfield>
  </datafield>
  <datafield tag="952" ind1=" " ind2=" ">
    <subfield code="0">0</subfield>
    <subfield code="1">0</subfield>
    <subfield code="4">0</subfield>
    <subfield code="7">0</subfield>
    <subfield code="a">BCEJYS</subfield>
    <subfield code="b">BCEJYS</subfield>
    <subfield code="c">17</subfield>
    <subfield code="d">1978-08-01</subfield>
    <subfield code="h">A&#xF1;o 85, N&#xBA; 979 - ago. 1978</subfield>
    <subfield code="l">0</subfield>
    <subfield code="o">H664.1 IND 979</subfield>
    <subfield code="p">R04251</subfield>
    <subfield code="r">2026-04-10 16:06:55</subfield>
    <subfield code="w">2026-04-10</subfield>
    <subfield code="y">RN</subfield>
  </datafield>
  <datafield tag="952" ind1=" " ind2=" ">
    <subfield code="0">0</subfield>
    <subfield code="1">0</subfield>
    <subfield code="4">0</subfield>
    <subfield code="7">0</subfield>
    <subfield code="a">BCEJYS</subfield>
    <subfield code="b">BCEJYS</subfield>
    <subfield code="c">17</subfield>
    <subfield code="d">1978-07-01</subfield>
    <subfield code="h">A&#xF1;o 85, N&#xBA; 978 - jul. 1978</subfield>
    <subfield code="l">0</subfield>
    <subfield code="o">H664.1 IND 978</subfield>
    <subfield code="p">R04250</subfield>
    <subfield code="r">2026-04-10 16:06:55</subfield>
    <subfield code="w">2026-04-10</subfield>
    <subfield code="y">RN</subfield>
  </datafield>
  <datafield tag="952" ind1=" " ind2=" ">
    <subfield code="0">0</subfield>
    <subfield code="1">0</subfield>
    <subfield code="4">0</subfield>
    <subfield code="7">0</subfield>
    <subfield code="a">BCEJYS</subfield>
    <subfield code="b">BCEJYS</subfield>
    <subfield code="c">17</subfield>
    <subfield code="d">1978-06-01</subfield>
    <subfield code="h">A&#xF1;o 85, N&#xBA; 977 - jun. 1978</subfield>
    <subfield code="l">0</subfield>
    <subfield code="o">H664.1 IND 977</subfield>
    <subfield code="p">R04249</subfield>
    <subfield code="r">2026-04-10 16:06:55</subfield>
    <subfield code="w">2026-04-10</subfield>
    <subfield code="y">RN</subfield>
  </datafield>
  <datafield tag="952" ind1=" " ind2=" ">
    <subfield code="0">0</subfield>
    <subfield code="1">0</subfield>
    <subfield code="4">0</subfield>
    <subfield code="7">0</subfield>
    <subfield code="a">BCEJYS</subfield>
    <subfield code="b">BCEJYS</subfield>
    <subfield code="c">17</subfield>
    <subfield code="d">1978-05-01</subfield>
    <subfield code="h">A&#xF1;o 85, N&#xBA; 976 - may. 1978</subfield>
    <subfield code="l">0</subfield>
    <subfield code="o">H664.1 IND 976</subfield>
    <subfield code="p">R04248</subfield>
    <subfield code="r">2026-04-10 16:06:55</subfield>
    <subfield code="w">2026-04-10</subfield>
    <subfield code="y">RN</subfield>
  </datafield>
  <datafield tag="952" ind1=" " ind2=" ">
    <subfield code="0">0</subfield>
    <subfield code="1">0</subfield>
    <subfield code="4">0</subfield>
    <subfield code="7">0</subfield>
    <subfield code="a">BCEJYS</subfield>
    <subfield code="b">BCEJYS</subfield>
    <subfield code="c">17</subfield>
    <subfield code="d">1978-04-01</subfield>
    <subfield code="h">A&#xF1;o 85, N&#xBA; 975 - abr. 1978</subfield>
    <subfield code="l">0</subfield>
    <subfield code="o">H664.1 IND 975</subfield>
    <subfield code="p">R04247</subfield>
    <subfield code="r">2026-04-10 16:06:55</subfield>
    <subfield code="w">2026-04-10</subfield>
    <subfield code="y">RN</subfield>
  </datafield>
  <datafield tag="952" ind1=" " ind2=" ">
    <subfield code="0">0</subfield>
    <subfield code="1">0</subfield>
    <subfield code="4">0</subfield>
    <subfield code="7">0</subfield>
    <subfield code="a">BCEJYS</subfield>
    <subfield code="b">BCEJYS</subfield>
    <subfield code="c">17</subfield>
    <subfield code="d">1978-03-01</subfield>
    <subfield code="h">A&#xF1;o 85, N&#xBA; 974 - mar, 1978</subfield>
    <subfield code="l">0</subfield>
    <subfield code="o">H664.1 IND 974</subfield>
    <subfield code="p">R04246</subfield>
    <subfield code="r">2026-04-10 16:06:55</subfield>
    <subfield code="w">2026-04-10</subfield>
    <subfield code="y">RN</subfield>
  </datafield>
  <datafield tag="952" ind1=" " ind2=" ">
    <subfield code="0">0</subfield>
    <subfield code="1">0</subfield>
    <subfield code="4">0</subfield>
    <subfield code="7">0</subfield>
    <subfield code="a">BCEJYS</subfield>
    <subfield code="b">BCEJYS</subfield>
    <subfield code="c">17</subfield>
    <subfield code="d">1978-02-01</subfield>
    <subfield code="h">A&#xF1;o 85, N&#xBA; 973 - feb. 1978</subfield>
    <subfield code="l">0</subfield>
    <subfield code="o">H664.1 IND 973</subfield>
    <subfield code="p">R04245</subfield>
    <subfield code="r">2026-04-10 16:06:55</subfield>
    <subfield code="w">2026-04-10</subfield>
    <subfield code="y">RN</subfield>
  </datafield>
  <datafield tag="952" ind1=" " ind2=" ">
    <subfield code="0">0</subfield>
    <subfield code="1">0</subfield>
    <subfield code="4">0</subfield>
    <subfield code="7">0</subfield>
    <subfield code="a">BCEJYS</subfield>
    <subfield code="b">BCEJYS</subfield>
    <subfield code="c">17</subfield>
    <subfield code="d">1978-01-01</subfield>
    <subfield code="h">A&#xF1;o 85, N&#xBA; 972 - ene. 1978</subfield>
    <subfield code="l">0</subfield>
    <subfield code="o">H664.1 IND 972</subfield>
    <subfield code="p">R04244</subfield>
    <subfield code="r">2026-04-10 16:06:55</subfield>
    <subfield code="w">2026-04-10</subfield>
    <subfield code="y">RN</subfield>
  </datafield>
</record>
